Анатомическое исследование о движении сердца и крови у животных / (Record no. 424724)
[ view plain ]
| 000 -LEADER | |
|---|---|
| fixed length control field | 01301nam a22002657a 4500 |
| 003 - CONTROL NUMBER IDENTIFIER | |
| control field | AM-YeHGA |
| 040 ## - CATALOGING SOURCE | |
| Original cataloging agency | AM-YeHGA |
| 090 ## - LOCALLY ASSIGNED LC-TYPE CALL NUMBER (OCLC); LOCAL CALL NUMBER (RLIN) | |
| -- | 427187 |
| 005 - DATE AND TIME OF LATEST TRANSACTION | |
| control field | 20250617155029.0 |
| 008 - FIXED-LENGTH DATA ELEMENTS--GENERAL INFORMATION | |
| fixed length control field | 190205s ||||| |||| 00| 0 rus d |
| 041 1# - LANGUAGE CODE | |
| Language code of text/sound track or separate title | rus |
| 100 1# - MAIN ENTRY--PERSONAL NAME | |
| Personal name | Гарвей, Вильям |
| 245 10 - TITLE STATEMENT | |
| Title | Анатомическое исследование о движении сердца и крови у животных / |
| Statement of responsibility, etc. | Вильям Гарвей; Пер. К.М. Быкова; С предисл. И.П. Павлова. |
| 246 15 - VARYING FORM OF TITLE | |
| Title proper/short title | Exercitatio Anatomica de Motu Cordis et Sanguinis in Animalibus |
| 260 ## - PUBLICATION, DISTRIBUTION, ETC. | |
| Place of publication, distribution, etc. | Москва ; |
| -- | Ленинград : |
| Name of publisher, distributor, etc. | Гос. изд-во, |
| Date of publication, distribution, etc. | 1927. |
| 300 ## - PHYSICAL DESCRIPTION | |
| Extent | 113 с. : |
| Other physical details | [2] л. ил., портр. |
| 440 #0 - SERIES STATEMENT/ADDED ENTRY--TITLE | |
| Title | Классики естествознания. |
| Volume/sequential designation | Кн. 16 |
| 653 0# - INDEX TERM--UNCONTROLLED | |
| Uncontrolled term | Физиология, биофизика и биохимия животных и человека |
| 653 0# - INDEX TERM--UNCONTROLLED | |
| Uncontrolled term | Кровообращение. |
| 653 0# - INDEX TERM--UNCONTROLLED | |
| Uncontrolled term | Органы кровообращения |
| 653 0# - INDEX TERM--UNCONTROLLED | |
| Uncontrolled term | Физиология, биофизика и биохимия сердечно-сосудистой системы |
| 700 1# - ADDED ENTRY--PERSONAL NAME | |
| Personal name | Быков, К.М. |
| Relator term | пер. |
| Relationship | trl |
| 700 1# - ADDED ENTRY--PERSONAL NAME | |
| Personal name | Павлов, И.П. |
| Relator term | авт. предисл. |
| Relationship | aui |
| 942 ## - ADDED ENTRY ELEMENTS (KOHA) | |
| Source of classification or shelving scheme | Universal Decimal Classification |
| Koha item type | Գրքեր / Books |
| Withdrawn status | Lost status | Source of classification or shelving scheme | Damaged status | Not for loan | Collection | Home library | Current library | Date acquired | Total checkouts | Full call number | Barcode | Date last seen | Price effective from | Koha item type | Public note |
|---|---|---|---|---|---|---|---|---|---|---|---|---|---|---|---|
| Universal Decimal Classification | General | Fundamental Scientific Library | Fundamental Scientific Library | 05/02/2019 | РД II/37716 | FL0549192 | 05/02/2019 | 05/02/2019 | Գրքեր / Books | 30 Days Loan |
ՀՀ Գիտությունների ազգային ակադեմիայի հիմնարար գիտական գրադարան = Fundamental Scientific Library of NAS RA
All site content, except where otherwise noted, is licensed under a